000
00194nam a22000977a 4500
082
_a
823
_b
UNK/A
100
_a
UNKNOWN
245
_a
AFFILIATION BYE-LAWS
650
_a
GENERAL KNOWLEDGE
942
_c
BK
999
_c
7689
_d
7689